000 02213nam0a2200409 4500
001 RU\NLR\bibl\856464
005 20260406082835.0
010 _a5-16-001082-3
_9100000
021 _aRU
_b2005-30906
_91547
035 _a(nilc)RSL-KNO-002605198
035 _a(NLR Aleph) 000845180
090 _a1445258
_c1445258
100 _a20050524d2005 |||y0rusy50 ca
101 0 _arus
102 _aRU
105 _ac |||||||||
106 _ar
200 1 _aЭтика деловых отношений
_eучеб. для студентов вузов, обучающихся по специальности "Упр. персоналом"
_fА.Я. Кибанов, Д.К. Захаров, В.Г. Коновалова
_gМ-во образования Рос. Федерации, Воронеж. гос. техн. ун-т
210 _aМ.
_cИнфра-М
_d2005
_eН.Новгород
_gГИПП Нижполиграф
215 _a366, [1] с., [1] л. цв. портр.
_d22
225 1 _aВысшее образование
300 _aПосвящается 85-летию Гос. ун-та упр.
320 _aБиблиогр.: с. 361-364 (83 назв.) и в подстроч. прим.
606 1 _aДеловая этика
_jУчебники для высших учебных заведений
_92213569
_3RU\NLR\auth\661329630
610 0 _aФилософские науки -- Этика -- Этика общественных институтов и отдельных областей жизни и деятельности -- Профессиональная этика
686 _aЮ715.4я73-1
_2rubbk
686 _aЮ705.4я73
686 _aС550.422.1я73
700 1 _4070
_7ca
_8rus
_aКибанов
_bА. Я.
_f1939-2015
_gАрдальон Яковлевич
_931554
_3RU\NLR\auth\7748619
701 1 _4070
_7ca
_8rus
_aЗахаров
_bД. К.
_cд-р экон. наук
_gДмитрий Кириллович
_917592
_3RU\NLR\auth\7734589
701 1 _aКоновалова
_bВ. Г.
_gВалерия Германовна
_4070
801 0 _aRU
_bRuMoRKP
_c20050524
_grcr
801 1 _aRU
_bRuMoRGB
_c20050524
801 2 _aRU
_bNLR
_c20051019
_grcr
942 _cBOOK
980 _aNB